000 00741nam a2200205 a 4500
001 000024961
005 20200930023457.0
008 110208s1975 sp a r 000 0 spa d
020 _a8423920089
040 _aDO-SdBNP
_bspa
_cBNPHU
082 _ann*
_bnn*
100 1 _aRousseau, Juan Jacobo.
_951225
245 1 0 _aContrato social /
_cJuan Jacobo Rousseau ; traducción de Fernando de los Ríos Urruti ; prólogo de Manuel Tuñón de Lara.
260 _aMadrid :
_bEspasa-Calpe,
_c1975.
300 _a168 p. :
_bil. ;
_c18 cm.
500 _aIncluye referencias bibliográficas y notas al pie de las páginas.
700 1 _aRíos Urruti, Fernando de los,
_etr.
_951226
700 1 _aTuñón de Lara, Manuel,
_epról.
_941399
049 _aBNGR
999 _c24454
_d24454